[Event "Titled Tue 17th Jun Late"]
[Site "chess.com INT"]
[Date "2025.06.17"]
[Round "3"]
[White "Liyanage, Pesandu Rashmitha"]
[Black "Grover, Sahaj"]
[Result "0-1"]
[WhiteTitle "FM"]
[BlackTitle "GM"]
[WhiteElo "2129"]
[BlackElo "2465"]
[WhiteFideId "9947876"]
[BlackFideId "5021103"]
[EventDate "2025.06.17"]

1. Nf3 Nf6 2. c4 e6 3. d4 d5 4. g3 dxc4 5. Bg2 Bb4+ 6. Bd2 c5 7. Bxb4 cxb4 8.
Nbd2 O-O 9. Nxc4 a5 10. O-O Nbd7 11. Rc1 Qe7 12. Nfe5 Nd5 13. e4 N5b6 14. d5
Nxc4 15. Nxc4 exd5 16. exd5 Qf6 17. d6 Ra6 18. Qd5 b6 19. Rfd1 Nc5 20. Ne5 Be6
21. Qd4 Bxa2 22. Nc6 Qxd4 23. Rxd4 Nb3 24. d7 Nxd4 25. Nxd4 Ra7 26. Bh3 f5 27.
Bxf5 g6 28. Bh3 Kf7 29. Rc8 Ra8 30. Rxa8 Rxa8 31. Nc6 Bd5 32. d8=Q Rxd8 33.
Nxd8+ Ke7 34. Kf1 Kxd8 35. Ke2 a4 36. Kd3 a3 37. bxa3 bxa3 38. Kc3 b5 39. Bf1
b4+ 40. Kc2 b3+ 41. Kb1 Be4+ 42. Ka1 b2+ 43. Ka2 b1=Q+ 44. Kxa3 Bc2 45. Bc4 Kc7
46. Ba2 Qb5 47. Bc4 Qxc4 48. h4 Qb3# 0-1

[Event "Titled Tue 17th Jun Late"]
[Site "chess.com INT"]
[Date "2025.06.17"]
[Round "3"]
[White "Haydon, David L"]
[Black "Zeliantsova, Kseniya"]
[Result "1-0"]
[WhiteTitle "FM"]
[BlackTitle "WFM"]
[WhiteElo "2284"]
[BlackElo "2062"]
[WhiteFideId "415405"]
[BlackFideId "13512617"]
[EventDate "2025.06.17"]

1. d4 Nf6 2. c4 g6 3. Nf3 Bg7 4. g3 d6 5. Bg2 O-O 6. Nc3 Nbd7 7. O-O e5 8. Qc2
Re8 9. Rd1 c6 10. e4 Qc7 11. d5 a5 12. h3 Nc5 13. Be3 cxd5 14. exd5 Bf5 15. Qe2
b6 16. Rac1 h5 17. Ng5 Qd7 18. b3 Nh7 19. Nxh7 Kxh7 20. Kh2 Rad8 21. Rd2 Qc8 22.
Nb5 Qb8 23. f3 Bd7 24. Nc3 f5 25. Bg5 Rc8 26. h4 e4 27. fxe4 Bxc3 28. Rxc3 Nxe4
29. Bxe4 Rxe4 30. Re3 Rce8 31. Rdd3 Qc8 32. Rxe4 Rxe4 33. Re3 Qe8 34. Rxe4 fxe4
35. Bf4 Qe7 36. Qe3 Bf5 37. Qxb6 Qf6 38. Qxd6 Qb2+ 39. Kg1 Qb1+ 40. Kf2 Qc2+ 41.
Kf1 Qd1+ 42. Kf2 Qc2+ 43. Ke3 Qd3+ 44. Kf2 Qf3+ 45. Ke1 Qh1+ 46. Kd2 Qg2+ 47.
Kc3 Qf2 48. Qe7+ Kg8 49. Qe8+ Kh7 50. Qf7+ Kh8 51. Be5# 1-0

[Event "Titled Tue 17th Jun Late"]
[Site "chess.com INT"]
[Date "2025.06.17"]
[Round "3"]
[White "Atanasov, Anthony"]
[Black "Goodrich, Elliott"]
[Result "1-0"]
[WhiteTitle "IM"]
[WhiteElo "2417"]
[BlackElo "2019"]
[WhiteFideId "2623897"]
[BlackFideId "39902064"]
[EventDate "2025.06.17"]

1. e4 e5 2. Nf3 Nc6 3. Nc3 Nf6 4. h3 h6 5. d4 exd4 6. Nxd4 Bb4 7. Nxc6 bxc6 8.
Bd3 d5 9. exd5 cxd5 10. O-O O-O 11. Qf3 Bd6 12. Bf4 Rb8 13. b3 Re8 14. Rfe1 Be6
15. Nb5 Bxf4 16. Qxf4 Rb7 17. Nd4 Bd7 18. Rxe8+ Qxe8 19. Nf3 c5 20. Re1 Qb8 21.
Ne5 Be6 22. Re3 Rb4 23. c4 dxc4 24. bxc4 Nd5 25. Qe4 f5 26. Qf3 Nxe3 27. Qxe3
Qd6 28. Kh2 Rb8 29. f4 Rd8 30. Qg3 Qd4 31. Be2 Qe4 32. Bf3 Qe3 33. Kh1 Qc1+ 34.
Kh2 Qc3 35. Qg6 Rd6 36. Bd5 Bxd5 37. Qxd6 Bxc4 38. Qxc5 Qd2 39. Qxc4+ Kh7 40.
Nf3 Qe3 41. Qd4 Qa3 42. Ne5 Qxa2 43. Nd7 Qe6 44. Nf8+ 1-0

[Event "Titled Tue 17th Jun Late"]
[Site "chess.com INT"]
[Date "2025.06.17"]
[Round "3"]
[White "Sohal, Tanraj"]
[Black "Shuvalova, Polina"]
[Result "0-1"]
[WhiteTitle "FM"]
[BlackTitle "IM"]
[WhiteElo "2234"]
[BlackElo "2480"]
[WhiteFideId "2608499"]
[BlackFideId "24171760"]
[EventDate "2025.06.17"]

1. d4 Nf6 2. c4 e6 3. Nf3 d5 4. e3 c5 5. Be2 Nc6 6. O-O dxc4 7. Bxc4 cxd4 8.
exd4 Be7 9. Nc3 O-O 10. d5 Na5 11. b3 Nxc4 12. bxc4 exd5 13. Nxd5 Be6 14. Nxe7+
Qxe7 15. Bg5 h6 16. Bh4 Rac8 17. Ne5 Rfd8 18. Qf3 Rd4 19. Bg3 Bxc4 20. Rfe1 Bd5
21. Qf5 Re8 22. h3 Be4 23. Qf4 Nh5 24. Qe3 Qd8 25. Nf3 Rd3 26. Qe2 Nxg3 27. fxg3
Bc6 28. Qf2 Bxf3 29. gxf3 Rxe1+ 30. Rxe1 Qd6 31. Re2 Qd5 32. Kg2 b6 33. h4 h5
34. Re4 Rd2 35. Re2 Rxe2 36. Qxe2 g6 37. Qe8+ Kg7 38. Qe2 b5 39. Qb2+ Kg8 40.
Qe2 a5 41. Qe8+ Kg7 42. Qe2 b4 43. Qb2+ Kg8 44. Qe2 Kh7 45. Qb2 a4 46. Qxb4
Qxa2+ 47. Kh3 Qb3 0-1

[Event "Titled Tue 17th Jun Late"]
[Site "chess.com INT"]
[Date "2025.06.17"]
[Round "3"]
[White "Deac, Bogdan-Daniel"]
[Black "Atoyan, Alberto"]
[Result "1-0"]
[WhiteTitle "GM"]
[BlackTitle "CM"]
[WhiteElo "2674"]
[BlackElo "2266"]
[WhiteFideId "1226380"]
[BlackFideId "13314831"]
[EventDate "2025.06.17"]

1. d4 d5 2. Nf3 Nf6 3. c4 e6 4. g3 Be7 5. Bg2 O-O 6. O-O dxc4 7. Qc2 a6 8. a4
Bd7 9. Qxc4 Bc6 10. Be3 Nbd7 11. Nc3 a5 12. Rfd1 h6 13. Qb3 Nd5 14. Bd2 N7f6 15.
Ne5 Nxc3 16. bxc3 Bxg2 17. Kxg2 Qd5+ 18. Qxd5 exd5 19. Rab1 b6 20. c4 dxc4 21.
Rdc1 Rfe8 22. Nxc4 Bb4 23. e3 Bf8 24. Ne5 Ne4 25. Be1 Bd6 26. Nc4 Bf8 27. f3 Nd6
28. e4 f6 29. Ne3 Rac8 30. Nd5 f5 31. e5 Nb7 32. Nxc7 Red8 33. Ne6 Rxc1 34. Rxc1
Re8 35. Nxf8 Rxf8 36. Rc6 Rf7 37. Rxb6 Rd7 38. e6 Re7 39. d5 Kh7 40. Bf2 Nd8 41.
Rd6 Nb7 42. Rd7 Rxd7 43. exd7 1-0

[Event "Titled Tue 17th Jun Late"]
[Site "chess.com INT"]
[Date "2025.06.17"]
[Round "3"]
[White "Bulgak, Damir"]
[Black "Petrenko, Maryna"]
[Result "1-0"]
[WhiteTitle "CM"]
[BlackTitle "WFM"]
[WhiteElo "2213"]
[BlackElo "2062"]
[WhiteFideId "13528882"]
[BlackFideId "14197820"]
[EventDate "2025.06.17"]

1. d4 d5 2. c4 e6 3. Nc3 c6 4. e4 dxe4 5. Nxe4 Bb4+ 6. Bd2 Qxd4 7. Bxb4 Qxe4+ 8.
Be2 Na6 9. Bf8 Ne7 10. Bxg7 Rg8 11. Bf6 Qf5 12. Bh4 Qa5+ 13. Kf1 Bd7 14. Nf3 Nf5
15. Bf6 Nc5 16. Nd4 Ne4 17. b4 Qb6 18. c5 Qc7 19. Nxf5 exf5 20. Bh4 Qf4 21. f3
Nd2+ 22. Kg1 Qxh4 23. Qxd2 O-O-O 24. Bf1 Be6 25. Qf2 Qxb4 26. a3 Qd4 27. Rc1
Qxf2+ 28. Kxf2 Rd2+ 29. Ke3 Ra2 30. Rc3 Rd8 31. Kf4 Ra1 32. Kg3 Rdd1 33. Kf2
Ra2+ 34. Kg3 f4+ 35. Kxf4 Raa1 36. Ke5 Rxf1 37. f4 Rxh1 38. g3 Rhe1+ 39. Kf6 Re2
40. h4 Rg2 41. Rf3 Rag1 42. f5 Bd5 43. Re3 Rxg3 44. Re8+ Kd7 45. Re7+ Kd8 46.
Rxb7 Rxa3 47. Ke5 Re1+ 48. Kd6 Ke8 49. Rb8# 1-0

[Event "Titled Tue 17th Jun Late"]
[Site "chess.com INT"]
[Date "2025.06.17"]
[Round "3"]
[White "Moreira, Ronaldo Alonso"]
[Black "Al-Tarboush, Ward"]
[Result "1-0"]
[BlackTitle "FM"]
[WhiteElo "2094"]
[BlackElo "2223"]
[WhiteFideId "2110547"]
[BlackFideId "7601450"]
[EventDate "2025.06.17"]

1. d4 Nf6 2. c4 c6 3. Nc3 d5 4. cxd5 cxd5 5. Bf4 Nc6 6. e3 Bg4 7. f3 Bf5 8. Qb3
Qd7 9. Rc1 e6 10. a3 Be7 11. Nge2 O-O 12. Ng3 Bg6 13. Be2 a6 14. Na4 Na5 15. Qd1
Rac8 16. Nb6 Rxc1 17. Qxc1 Qc6 18. Qxc6 Nxc6 19. Kd2 Bd8 20. Na4 Nd7 21. Rc1 e5
22. dxe5 Ndxe5 23. Bxe5 Nxe5 24. f4 b5 25. Nc3 Nc4+ 26. Bxc4 dxc4 27. f5 Bg5 28.
fxg6 fxg6 29. Ke2 Re8 30. Nce4 Be7 31. Rd1 h5 32. Nf1 Bh4 33. Nc3 Bf6 34. g3 Rb8
35. Nd2 a5 36. Nde4 Be7 37. Rd5 b4 38. axb4 axb4 39. Rb5 Ra8 40. Nd5 Bf8 41.
Nxb4 Ra1 42. Nd5 Rh1 43. h4 Rh2+ 44. Kf3 Kh7 45. Rb8 Kg8 46. Ne7+ Kf7 47. Nxg6
Kxg6 48. Rxf8 Rxb2 49. Rc8 Rc2 50. Nd6 c3 51. Ne4 Rc1 52. Rxc3 Rf1+ 53. Nf2 Kf5
54. Rc5+ Kg6 55. Rg5+ Kh6 56. e4 Ra1 57. e5 Ra5 58. e6 Ra3+ 59. Kf4 Ra4+ 60. Ne4
Ra6 61. e7 Ra8 62. Re5 Re8 63. Nd6 g5+ 64. hxg5+ Kg6 65. Nxe8 h4 66. gxh4 Kf7
67. Nd6+ Kg7 68. e8=Q Kh7 69. Re7# 1-0

[Event "Titled Tue 17th Jun Late"]
[Site "chess.com INT"]
[Date "2025.06.17"]
[Round "3"]
[White "Clawitter, Craig"]
[Black "Gu, Xiaobing"]
[Result "1-0"]
[BlackTitle "WGM"]
[WhiteElo "2050"]
[BlackElo "2148"]
[WhiteFideId "2023105"]
[BlackFideId "8602611"]
[EventDate "2025.06.17"]

1. e4 c5 2. Nf3 d6 3. d4 cxd4 4. Nxd4 Nf6 5. Nc3 a6 6. f3 e5 7. Nb3 Be6 8. Be3
h5 9. Qd2 Nbd7 10. Nd5 Bxd5 11. exd5 Qc7 12. Rc1 Be7 13. Be2 O-O 14. O-O b5 15.
c4 bxc4 16. Bxc4 Rfb8 17. Na5 Bf8 18. b4 e4 19. Nc6 Re8 20. Bf4 Qb6+ 21. Qd4
Qxd4+ 22. Nxd4 Ne5 23. Nc6 exf3 24. Bxe5 fxg2 25. Rxf6 dxe5 26. Rf2 a5 27. d6
Bxd6 28. Bxf7+ Kh7 29. Bxe8 Rxe8 30. a3 e4 31. Kxg2 e3 32. Re2 Bf4 33. Rc4 g5
34. h4 axb4 35. axb4 Ra8 36. hxg5 Bxg5 37. Kf3 Rf8+ 38. Kg2 h4 39. b5 h3+ 40.
Kxh3 Rf2 41. Re1 e2 42. Re4 Rf5 43. b6 Rb5 44. R1xe2 Rxb6 45. Ne5 Rb2 46. Rxb2
Bf6 47. Rbe2 Kh6 48. Ng4+ Kg6 49. Nxf6 Kxf6 50. Rf4+ Kg5 51. Rf1 Kg6 52. Rg2+
Kh5 53. Kh2 Kh4 54. Kg1 Kh3 55. Kf2 Kh4 56. Rh1# 1-0

[Event "Titled Tue 17th Jun Late"]
[Site "chess.com INT"]
[Date "2025.06.17"]
[Round "3"]
[White "Bogdanov, Egor"]
[Black "Shafer, Logan C"]
[Result "1/2-1/2"]
[WhiteTitle "GM"]
[BlackTitle "CM"]
[WhiteElo "2515"]
[BlackElo "2217"]
[WhiteFideId "14119137"]
[BlackFideId "30993342"]
[EventDate "2025.06.17"]

1. e4 e5 2. d4 exd4 3. Nf3 Nc6 4. c3 d5 5. Bd3 Nf6 6. e5 Ne4 7. O-O Bg4 8. cxd4
Be7 9. Nc3 Nxc3 10. bxc3 O-O 11. h3 Bh5 12. Re1 Qd7 13. Rb1 Rab8 14. Bf4 Bg6 15.
Bg3 Nd8 16. e6 Nxe6 17. Ne5 Qc8 18. f4 Bxd3 19. Qxd3 Bd6 20. f5 Ng5 21. c4 c6
22. c5 Bxe5 23. dxe5 Ne4 24. Rxe4 dxe4 25. Qxe4 b6 26. e6 Rb7 27. Bd6 Re8 28.
Re1 f6 29. e7 bxc5 30. Qc4+ Kh8 31. Qf7 h6 32. Kh2 c4 33. Bf4 Rbxe7 34. Rxe7
Rxe7 35. Qxe7 Qxf5 36. Qd8+ Kh7 37. Qd4 c3 38. Bc1 c2 39. Qc3 Kg6 40. a4 Qe4 41.
a5 a6 42. Qf3 Qxf3 43. gxf3 Kf5 44. Kg3 g5 45. Kf2 h5 46. Ke2 g4 47. fxg4+ hxg4
48. hxg4+ Kxg4 49. Kd3 Kf5 50. Kxc2 Ke6 51. Kd3 Kd5 52. Bb2 f5 53. Bc1 c5 54.
Kc3 Kd6 55. Kc4 Kc6 56. Bf4 Kb7 57. Kxc5 Ka8 58. Be3 f4 59. Bxf4 Ka7 60. Be3 Ka8
61. Kb6 Kb8 62. Kxa6 Ka8 63. Bf4 1/2-1/2

[Event "Titled Tue 17th Jun Late"]
[Site "chess.com INT"]
[Date "2025.06.17"]
[Round "3"]
[White "Grave, Jacob Templen"]
[Black "Abdou Ahmed Alem"]
[Result "0-1"]
[WhiteTitle "FM"]
[BlackTitle "CM"]
[WhiteElo "2350"]
[BlackElo "2002"]
[WhiteFideId "1542656"]
[BlackFideId "19603720"]
[EventDate "2025.06.17"]

1. f4 f5 2. b3 Nf6 3. Bb2 e6 4. Nf3 Be7 5. e3 O-O 6. Be2 b6 7. O-O Bb7 8. c4 a5
9. a3 Nc6 10. h3 Qe8 11. d3 Qg6 12. Nbd2 Nh5 13. Rf2 Ng3 14. Nf1 Nxe2+ 15. Qxe2
Rae8 16. Kh2 d6 17. g3 Bf6 18. Bxf6 Qxf6 19. Qb2 e5 20. fxe5 dxe5 21. Nh4 Qg5
22. Nf3 Qh6 23. d4 f4 24. d5 fxe3 25. Nxe3 Qxe3 26. dxc6 Bxc6 27. Re1 Qc5 28. b4
axb4 29. axb4 Qd6 30. Nh4 Rxf2+ 31. Qxf2 Rf8 32. Qe3 Qxb4 33. Re2 Qb1 34. Ng2 e4
35. Nf4 Qf1 36. Rf2 Qxc4 37. h4 Qf7 38. Nh3 Qe8 39. Qb3+ Kh8 40. Rxf8+ Qxf8 41.
Ng5 Qf2+ 42. Kh3 Bd7+ 0-1

[Event "Titled Tue 17th Jun Late"]
[Site "chess.com INT"]
[Date "2025.06.17"]
[Round "3"]
[White "Volodin, Alexandr E."]
[Black "Hansen, Eric"]
[Result "0-1"]
[WhiteTitle "FM"]
[BlackTitle "GM"]
[WhiteElo "2344"]
[BlackElo "2609"]
[WhiteFideId "34268871"]
[BlackFideId "2606771"]
[EventDate "2025.06.17"]

1. d4 Nf6 2. Nc3 d5 3. Bf4 a6 4. e3 c5 5. dxc5 Nc6 6. Nf3 e6 7. Bd3 Bxc5 8. O-O
Qe7 9. e4 d4 10. e5 dxc3 11. exf6 gxf6 12. bxc3 h5 13. Qe2 e5 14. Bg3 Bg4 15. h3
h4 16. Bh2 Bh5 17. Rab1 Bg6 18. Rfe1 Rd8 19. Bxg6 fxg6 20. Qe4 Kf7 21. Nxh4 Rh6
22. Nf3 Rd7 23. Rbd1 Kg7 24. Nd4 exd4 25. Qf3 Qf7 26. cxd4 Nxd4 27. Qg4 Rh5 28.
c3 Nf5 29. Qf3 b6 30. Qc6 Rxd1 31. Rxd1 Ne7 32. Qe4 Rd5 33. Re1 Nf5 34. h4 Rd2
35. Rf1 Qd7 36. Qg4 Nh6 37. Qf3 Rd3 38. Qe2 Ng4 39. Bf4 Nxf2 40. Rxf2 Rxc3 41.
Kh2 Bxf2 42. Qxf2 b5 43. h5 gxh5 44. Be3 Qg4 45. Bd4 Rc6 46. Qe3 Re6 47. Qf2 h4
48. Kh1 Rd6 49. Bc3 Rd1+ 50. Kh2 Qg3+ 51. Qxg3+ hxg3+ 52. Kxg3 Rd3+ 0-1

[Event "Titled Tue 17th Jun Late"]
[Site "chess.com INT"]
[Date "2025.06.17"]
[Round "3"]
[White "Kukushkin, Ivan"]
[Black "Caruana, Fabiano"]
[Result "0-1"]
[WhiteTitle "CM"]
[BlackTitle "GM"]
[WhiteElo "2008"]
[BlackElo "2777"]
[WhiteFideId "11634103"]
[BlackFideId "2020009"]
[EventDate "2025.06.17"]

1. e4 e6 2. d4 d5 3. e5 c5 4. c3 Nc6 5. Nf3 Bd7 6. Be2 Nge7 7. Na3 cxd4 8. cxd4
Nf5 9. Nc2 Be7 10. Ne3 Bb4+ 11. Bd2 Nxe3 12. fxe3 Bxd2+ 13. Qxd2 O-O 14. O-O f6
15. exf6 Rxf6 16. Bd3 Qe7 17. Qe2 Raf8 18. e4 Qb4 19. a3 Qb6 20. Qe3 h6 21. b4
a6 22. exd5 exd5 23. Ne5 Nxd4 24. Kh1 Be8 25. Rxf6 Rxf6 26. Nf3 Nxf3 27. Qxe8+
Rf8 28. Bh7+ Kxh7 29. Qxf8 Nh4 30. Qf4 Ng6 31. Qf5 Qd4 32. Re1 Qd2 33. Qf1 Qc3
34. Rd1 Qxa3 35. Rxd5 Qxb4 36. h3 Nf4 37. Rd7 b5 38. Qd1 Qe4 39. Qf1 b4 40. Rd2
a5 41. Rf2 Nh5 42. Rf3 a4 43. Qd1 b3 44. Rd3 b2 45. Qc2 Nf4 46. Qxb2 Nxd3 47.
Qa3 Nf4 48. Qg3 Qxg2+ 49. Qxg2 Nxg2 50. Kxg2 a3 51. Kf3 a2 52. Ke4 a1=Q 0-1

[Event "Titled Tue 17th Jun Late"]
[Site "chess.com INT"]
[Date "2025.06.17"]
[Round "3"]
[White "Aliyev, Elnur"]
[Black "Ali, Sebbar"]
[Result "0-1"]
[WhiteTitle "CM"]
[BlackTitle "IM"]
[WhiteElo "2123"]
[BlackElo "2400"]
[WhiteFideId "13402617"]
[BlackFideId "8100977"]
[EventDate "2025.06.17"]

1. e4 c5 2. Nf3 Nc6 3. Bb5 Nf6 4. Nc3 g6 5. O-O Bg7 6. Re1 O-O 7. h3 d6 8. a4 e5
9. d3 Nd4 10. Bc4 Be6 11. Nd2 Nh5 12. Nf1 Qh4 13. Nd5 Bxd5 14. Bxd5 Nf4 15. c3
Nxd5 16. cxd4 Nb4 17. d5 f5 18. f3 Bh6 19. Bxh6 Qxh6 20. Ne3 Rf6 21. Nc2 Na6 22.
b3 Kh8 23. Rb1 Rg8 24. b4 cxb4 25. Nxb4 Nc5 26. d4 exd4 27. Qxd4 Qg7 28. Nd3
Nxd3 29. Qxd3 fxe4 30. Rxe4 Rf7 31. Rbe1 Rgf8 32. Qd4 Qxd4+ 33. Rxd4 Kg7 34. Re6
Rd8 35. Rde4 Rdd7 36. Kf2 b6 37. Ke3 Kf8 38. Kd4 Rfe7 39. h4 a6 40. g4 b5 41.
axb5 axb5 42. Rxe7 Rxe7 43. Rxe7 Kxe7 44. g5 Kd7 45. Kc3 Kc7 46. Kb4 Kb6 47. f4
Ka6 48. f5 gxf5 49. h5 f4 50. g6 hxg6 51. hxg6 f3 52. g7 f2 53. g8=Q f1=Q 54.
Qa8+ Kb6 55. Qb8+ Ka6 56. Qxd6+ Ka7 57. Qc7+ Ka8 58. Qc6+ Ka7 59. Qc5+ Ka8 0-1

[Event "Titled Tue 17th Jun Late"]
[Site "chess.com INT"]
[Date "2025.06.17"]
[Round "3"]
[White "Damaraju, Ashwin"]
[Black "Tang, Benjamin"]
[Result "1-0"]
[BlackTitle "FM"]
[WhiteElo "2084"]
[BlackElo "2132"]
[WhiteFideId "39908348"]
[BlackFideId "30964342"]
[EventDate "2025.06.17"]

1. e4 e6 2. d4 d5 3. Bd3 dxe4 4. Bxe4 Nf6 5. Bf3 c5 6. Ne2 Be7 7. Nbc3 O-O 8. d5
exd5 9. Nxd5 Nxd5 10. Qxd5 Nc6 11. Qxd8 Rxd8 12. Bxc6 bxc6 13. Bd2 Bf6 14. O-O-O
Rb8 15. Bc3 Bg4 16. f3 Bxc3 17. Nxc3 Be6 18. Rxd8+ Rxd8 19. Ne4 c4 20. Rd1 Rxd1+
21. Kxd1 f6 22. Kd2 Kf7 23. Kc3 Ke7 24. Nd2 Kd6 25. Nxc4+ Kc5 26. Nd2 f5 27. a3
Kb5 28. f4 c5 29. g3 Bd5 30. Nf1 Be4 31. Ne3 a5 32. b3 g6 33. Nc4 Bd5 34. a4+
Ka6 35. Nd6 Kb6 36. Nc4+ Ka6 37. Ne5 Kb6 38. Nd7+ Kc6 39. Nf6 h6 40. Nxd5 Kxd5
41. Kd3 g5 42. h4 gxf4 43. gxf4 h5 44. c3 c4+ 45. bxc4+ Kc5 46. Kd2 Kc6 47. c5
Kd5 48. Ke3 Kxc5 49. Kd3 Kd5 50. c4+ Kc5 51. Kc3 Kc6 52. Kd4 Kd6 53. c5+ Kc6 54.
Kc4 Kc7 55. Kd5 Kd7 56. c6+ Kc7 57. Kc5 Kc8 58. Kb6 Kb8 59. Kxa5 Ka7 60. Kb5 Kb8
61. Kb6 Kc8 62. a5 Kb8 63. a6 Ka8 64. Kc5 Kb8 65. Kd6 Ka7 66. c7 Kb6 67. c8=Q 1-0

[Event "Titled Tue 17th Jun Late"]
[Site "chess.com INT"]
[Date "2025.06.17"]
[Round "3"]
[White "Veiga, Jose Francisco R P Neves"]
[Black "Amarasinghe, A A C B"]
[Result "1/2-1/2"]
[WhiteTitle "IM"]
[BlackTitle "CM"]
[WhiteElo "2390"]
[BlackElo "1922"]
[WhiteFideId "1930087"]
[BlackFideId "9901809"]
[EventDate "2025.06.17"]

1. e4 e6 2. d4 d5 3. Nc3 Bb4 4. e5 Ne7 5. a3 Bxc3+ 6. bxc3 c5 7. Qg4 Qc7 8. Qxg7
Rg8 9. Qxh7 cxd4 10. Ne2 Nbc6 11. f4 Bd7 12. Qd3 dxc3 13. Qxc3 O-O-O 14. Rb1 Nf5
15. Rg1 d4 16. Qd3 f6 17. exf6 e5 18. Qc4 exf4 19. Bxf4 Qa5+ 20. Bd2 Qxa3 21.
Qb3 Qxb3 22. Rxb3 Be6 23. Ra3 Rge8 24. Kf2 Ne5 25. h3 Nc4 26. Bb4 Nxa3 27. Bxa3
d3 28. cxd3 Rxd3 29. Bc5 Rd5 30. Ba3 b5 31. g4 Nd4 32. Bg2 Nxe2 33. Bxd5 Bxd5
34. Re1 Bc4 35. f7 Bxf7 36. Rxe2 Rxe2+ 37. Kxe2 a5 38. Ke3 b4 39. Bb2 a4 40. Kf4
a3 41. Bc1 Kd7 42. Kg5 Ke6 43. h4 Kd5 44. h5 Ke4 45. Kf6 Bg8 46. h6 Kd3 47. Kg7
Kc2 48. Bxa3 bxa3 49. Kxg8 a2 50. h7 a1=Q 51. h8=Q Qa8+ 52. Kh7 Qe4+ 53. Kh6
Qxg4 54. Qh7+ Kd2 55. Qg6 Qh3+ 56. Qh5 Qxh5+ 57. Kxh5 1/2-1/2

[Event "Titled Tue 17th Jun Late"]
[Site "chess.com INT"]
[Date "2025.06.17"]
[Round "3"]
[White "Balaji, Aaravamudhan"]
[Black "Reprintsev, Alexander"]
[Result "1-0"]
[WhiteTitle "IM"]
[BlackTitle "IM"]
[WhiteElo "2346"]
[BlackElo "2256"]
[WhiteFideId "436224"]
[BlackFideId "14100541"]
[EventDate "2025.06.17"]

1. b3 e5 2. Bb2 Nc6 3. c4 Nf6 4. Nf3 e4 5. Ne5 Bd6 6. Nxc6 dxc6 7. e3 Bf5 8. Be2
Qe7 9. a3 h5 10. b4 h4 11. h3 Rh6 12. Nc3 O-O-O 13. Qa4 Kb8 14. O-O-O Nd7 15.
Kb1 Rg6 16. Bf1 Ne5 17. c5 Bxc5 18. bxc5 Qxc5 19. Nxe4 Qb6 20. f3 Nd3 21. Bxd3
Rxd3 22. Qb4 Qxb4 23. axb4 Rb3 24. Kc2 Rxb4 25. Bd4 b6 26. Bc3 Bxe4+ 27. fxe4
Rxe4 28. Rhf1 f6 29. Rf2 c5 30. Kd3 Re6 31. Rb1 c6 32. Ke2 b5 33. Kf1 Kc7 34.
Rf4 Rh6 35. Ke2 b4 36. Bb2 a5 37. Rc4 Rh5 38. Rbc1 Kb6 39. d4 cxd4 40. Bxd4+ Kb5
41. Kd3 Rd6 42. Rc5+ Rxc5 43. Rxc5+ Ka4 44. Kc2 g6 45. Kb2 f5 46. Re5 Rd7 47.
Kc2 Rf7 48. Bb6 b3+ 49. Kc3 1-0

[Event "Titled Tue 17th Jun Late"]
[Site "chess.com INT"]
[Date "2025.06.17"]
[Round "3"]
[White "Baturin-Vinogradov, Miroslav"]
[Black "Eljanov, Pavel"]
[Result "1-0"]
[WhiteTitle "CM"]
[BlackTitle "GM"]
[WhiteElo "2046"]
[BlackElo "2669"]
[WhiteFideId "55745741"]
[BlackFideId "14102951"]
[EventDate "2025.06.17"]

1. e4 c6 2. d4 d5 3. exd5 cxd5 4. c3 Bf5 5. h3 e6 6. Nf3 Nc6 7. Bd3 Bxd3 8. Qxd3
Bd6 9. O-O Nf6 10. Bg5 Qc7 11. Nbd2 O-O 12. Bxf6 gxf6 13. c4 Nb4 14. Qb3 dxc4
15. Nxc4 Nd5 16. Ne3 Nf4 17. d5 Kh8 18. Rac1 Qe7 19. Rce1 Rg8 20. Kh1 Qd7 21.
Ng4 Be7 22. dxe6 fxe6 23. Rd1 Qc6 24. Rc1 Qd5 25. Qe3 e5 26. Rfd1 Qe6 27. Re1
Rxg4 28. hxg4 Qxg4 29. Rg1 Ne2 30. Rc7 Bd6 31. Rf7 Qh5+ 32. Nh2 Nxg1 33. Rxf6
Be7 34. Re6 Bf8 35. Kxg1 Rd8 36. Qxe5+ Qxe5 37. Rxe5 Rd2 38. Rb5 b6 39. Nf1 Re2
40. Ng3 Re1+ 41. Kh2 Bc5 42. f3 a5 43. Ne4 Bg1+ 44. Kg3 Kg7 45. b4 a4 46. Rd5
Re2 47. Rd2 1-0

[Event "Titled Tue 17th Jun Late"]
[Site "chess.com INT"]
[Date "2025.06.17"]
[Round "3"]
[White "Kislinsky, Alexey"]
[Black "Jasinski, Alexander"]
[Result "1-0"]
[WhiteTitle "GM"]
[WhiteElo "2341"]
[BlackElo "1989"]
[WhiteFideId "14108801"]
[BlackFideId "55627994"]
[EventDate "2025.06.17"]

1. d4 Nf6 2. c4 g6 3. Nc3 Bg7 4. e4 O-O 5. Be2 d6 6. Nf3 e5 7. O-O exd4 8. Nxd4
Nc6 9. Be3 Re8 10. f3 Nh5 11. Qd2 Nxd4 12. Bxd4 Nf4 13. Bxg7 Qg5 14. Kf2 Kxg7
15. Qd4+ Qe5 16. Rfd1 Nxe2 17. Kxe2 Be6 18. Qxe5+ dxe5 19. Nd5 Rac8 20. b3 c6
21. Nc3 f5 22. Rd6 Kf6 23. Rad1 Ke7 24. c5 Rc7 25. b4 Rd7 26. a3 Red8 27. Rxd7+
Rxd7 28. Rxd7+ Kxd7 29. exf5 Bc4+ 30. Ke3 gxf5 31. f4 e4 32. Kd4 Bf1 33. g3 Ke6
34. Nd1 Be2 35. Ne3 h5 36. a4 a6 37. a5 Bb5 38. Ng2 Bf1 39. Nh4 Kf6 40. Ke3 Bb5
41. Ng2 Bf1 42. Ne1 Ke6 43. Kd4 Bb5 44. Nc2 Bd3 45. Ne3 Be2 46. Kc3 Bd3 47. Kd2
Bb5 48. Ke1 Bd3 49. Kf2 Kf6 50. Kg2 Kg6 51. Kh3 Kf6 52. Kh4 Kg6 53. h3 Be2 54.
Nc2 Bd3 55. Ne3 Be2 56. Ng2 Bf1 57. Ne3 Bd3 58. g4 hxg4 59. hxg4 fxg4 60. Kxg4
Be2+ 61. Kg3 Bd3 62. Ng4 Kf5 63. Ne3+ Ke6 64. Kg4 Kf6 65. f5 Be2+ 66. Kf4 Bd3
67. Ng4+ Kf7 68. Ke5 Bb1 69. f6 Bc2 70. Ne3 Bb1 71. Nf5 Bc2 72. Nd6+ Kf8 73.
Nxe4 1-0

[Event "Titled Tue 17th Jun Late"]
[Site "chess.com INT"]
[Date "2025.06.17"]
[Round "3"]
[White "Reinecke, Katharina"]
[Black "Terron Elena, Francisco M."]
[Result "0-1"]
[WhiteTitle "WCM"]
[BlackTitle "FM"]
[WhiteElo "1921"]
[BlackElo "2148"]
[WhiteFideId "12929727"]
[BlackFideId "2210576"]
[EventDate "2025.06.17"]

1. d4 d5 2. Nf3 Nf6 3. g3 g6 4. Bg2 Bg7 5. O-O O-O 6. c4 dxc4 7. e3 c6 8. Na3 b5
9. Ne5 Nd5 10. b3 cxb3 11. axb3 Bb7 12. Bb2 Nd7 13. Nd3 a6 14. Rc1 e6 15. Nc5
Nxc5 16. Rxc5 Re8 17. Qe2 a5 18. Rfc1 Qd7 19. Nb1 h5 20. Nc3 Bf8 21. Nxd5 exd5
22. R5c2 a4 23. Qd3 axb3 24. Qxb3 Ra4 25. Ra1 Rxa1+ 26. Bxa1 Ra8 27. Ra2 Qc8 28.
Bb2 Rxa2 29. Qxa2 Qa8 30. Qxa8 Bxa8 31. Bf1 Bb7 32. Bc3 b4 33. Bb2 c5 34. dxc5
Bxc5 35. Bd3 Kf8 36. Kf1 Ke7 37. Ke2 Kd6 38. Kd2 Kc6 39. Kc2 Kb6 40. Kb3 Bc6 41.
Bd4 Bxd4 42. exd4 Ka5 43. Be2 Ba4+ 44. Kb2 Bb5 45. Bd1 Bc4 46. Bf3 Kb6 47. Bg2
Kc6 48. Bh3 Kd6 49. Bc8 f5 50. h4 Ke7 51. Bb7 f4 52. Bc8 fxg3 53. fxg3 Kf6 54.
Bd7 g5 55. hxg5+ Kxg5 56. Kc2 h4 57. gxh4+ Kxh4 58. Kd2 Kg3 59. Be6 Kf4 60. Bf7
Ke4 61. Bxd5+ Kxd5 62. Kc2 Kxd4 63. Kb2 b3 64. Kc1 Kc3 65. Kb1 Bd3+ 66. Kc1 b2+
67. Kd1 b1=Q# 0-1